000
00266nam a22001217a 4500
008
181224b xxu||||| |||| 00| 0 eng d
041
_a
eng
080
_2
8 th
_a
710
100
_a
44
101
_a
ART
245
_a
Potrait In America
_c
Oates.S.B
942
_2
udc
_c
BK
999
_c
53721
_d
53721